[Event "Challenge"]
[Site "http://www.queenalice.com/game.php?id=1495709"]
[Date "2017.9.21"]
[Round "-"]
[White "WLAO"]
[Black "rook33"]
[Result "0-1"]
[WhiteElo "1609"]
[BlackElo "1932"]

1. b3 e5 2. d4 exd4 3. Qxd4 Nf6 4. Qe5+ Be7 5. Ba3 Nc6 6. Bxe7 Nxe7 7. Nf3 O-O
8. Nbd2 Nc6 9. Qc3 Re8 10. g3 d5 11. Bg2 d4 12. Qc5 Nd7 13. Qc4 Nb6 14. Qd3 Nb4
15. Qb5 Nxc2+ 16. Kd1 Nxa1 17. Qd3 c5 18. e4 Bg4 19. Ke2 Nxb3 20. axb3 a6 21.
Rc1 Nd7 22. Kf1 b5 23. Kg1 Rc8 24. h3 Bh5 25. Ng5 Qxg5 26. Nf3 Qxc1+ 27. Kh2 Qb2
28. Ng5 Be2 29. Qxe2 Qxe2 30. h4 Qxf2 31. h5 h6 32. Nh3 Qc2 33. Nf4 Rxe4 34. Kh3
Rxf4 35. gxf4 Qf5+ 36. Kh2 Qxf4+ 37. Kg1 Re8 38. Bf1 Re1 39. Kg2 Rxf1 40. Kh3
Qf3+ 0-1

[Event "Let's Play Chess!"]
[Site "http://www.queenalice.com/game.php?id=1519240"]
[Date "2018.3.12"]
[Round "-"]
[White "rook33"]
[Black "Taurus"]
[Result "0-1"]
[WhiteElo "1934"]
[BlackElo "2106"]

1. d4 d5 2. Nf3 Nf6 3. Nc3 h6 4. Bf4 e6 5. e3 a6 6. a3 c5 7. dxc5 Bxc5 8. Bd3
Nc6 9. Ne2 Qe7 10. O-O e5 11. Nxe5 Nxe5 12. b4 Bd6 13. h3 Nxd3 14. cxd3 O-O 15.
Bxd6 Qxd6 16. f3 Qb6 17. d4 Bd7 18. Ng3 Qd6 19. f4 Bb5 20. Rf3 Rac8 21. Nf5 Qd7
22. Qb1 Ne4 23. Nxh6+ gxh6 24. Qe1 Kh7 25. g4 Rg8 26. g5 Nxg5 27. fxg5 Rxg5+ 28.
Kh1 Rc2 29. Qh4 Qc7 30. Rf2 Rc1+ 0-1

[Event "Let's Play Chess!"]
[Site "http://www.queenalice.com/game.php?id=1519241"]
[Date "2018.3.12"]
[Round "-"]
[White "Taurus"]
[Black "rook33"]
[Result "1-0"]
[WhiteElo "2113"]
[BlackElo "1925"]

1. d4 d5 2. Nf3 h6 3. Bf4 Nc6 4. h3 e6 5. a3 Nf6 6. e3 g6 7. c4 dxc4 8. Bxc4 Bg7
9. Nc3 O-O 10. O-O a6 11. Qc2 Ne7 12. Rfd1 b5 13. Bb3 Nh5 14. Bh2 Bb7 15. e4 c6
16. a4 b4 17. Ne2 a5 18. Rac1 Rc8 19. Be5 Bxe5 20. Nxe5 Ng7 21. Qd2 f6 22. Ng4
g5 23. Nxh6+ Kh7 24. Ng4 Qd6 25. Qe3 Ba6 26. e5 fxe5 27. dxe5 Qc7 28. Nf6+ Rxf6
29. exf6 Nef5 30. Qe4 Kg6 31. Nd4 Kxf6 32. Rxc6 Qb7 33. Rxe6+ Nxe6 34. Qxe6+ 1-0

[Event "Challenge"]
[Site "http://www.queenalice.com/game.php?id=1524441"]
[Date "2018.4.21"]
[Round "-"]
[White "ademirmachado"]
[Black "rook33"]
[Result "1-0"]
[WhiteElo "1818"]
[BlackElo "1917"]

1. d4 d5 2. e3 e6 3. Bd3 Nf6 4. Nd2 Nc6 5. f4 Bd6 6. Ngf3 h6 7. O-O a6 8. c3 b6
9. Ne5 Ne7 10. Qf3 Bb7 11. h3 c5 12. b3 Rf8 13. g4 Bxe5 14. fxe5 Nd7 15. Qg3 Qc7
16. Nf3 O-O-O 17. a4 cxd4 18. cxd4 Kb8 19. Ba3 Nc5 20. dxc5 bxc5 21. Rac1 Rc8
22. Rc2 Qb6 23. Rb1 Ka8 24. Rcb2 a5 25. Rc1 Rc6 26. Bb5 Rc7 27. Rbc2 Rfc8 28.
Qe1 Kb8 29. Kf2 g5 30. Qd2 Ng6 31. Kg3 Ka8 32. h4 gxh4+ 33. Nxh4 Nxe5 34. Bb2
Ng6 35. Nxg6 fxg6 36. Be5 Rf7 37. Qd3 d4 38. Rf2 Rxf2 39. Kxf2 Rf8+ 40. Kg1 Rg8
41. e4 h5 42. g5 Rf8 43. Rf1 Rxf1+ 44. Kxf1 h4 45. Qh3 Bxe4 46. Qxh4 Qb7 47.
Qh8+ Ka7 48. Ke2 Bc2 49. Qg7 Qxg7 50. Bxg7 Bxb3 51. Kd2 Bd5 52. Kd3 Bf3 53. Bf8
Kb6 54. Be8 Bh5 55. Bf7 e5 56. Bg7 Bd1 57. Be8 Bb3 58. Bxe5 Bd5 59. Bxg6 c4+ 60.
Kxd4 Bc6 61. Bc2 1-0

[Event "Challenge"]
[Site "http://www.queenalice.com/game.php?id=1536779"]
[Date "2018.7.29"]
[Round "-"]
[White "rook33"]
[Black "Copelipon"]
[Result "1-0"]
[WhiteElo "1930"]
[BlackElo "1885"]

1. d4 Nf6 2. c4 g6 3. Nc3 Bg7 4. Nf3 O-O 5. e3 d6 6. Be2 b6 7. h3 Bb7 8. Qc2
Nbd7 9. O-O a6 10. b4 c5 11. bxc5 bxc5 12. Rb1 Qc8 13. d5 e6 14. dxe6 fxe6 15.
e4 d5 16. cxd5 exd5 17. exd5 Nxd5 18. Nxd5 1-0

[Event "Challenge"]
[Site "http://www.queenalice.com/game.php?id=1537518"]
[Date "2018.8.4"]
[Round "-"]
[White "MADMIKE"]
[Black "rook33"]
[Result "0-1"]
[WhiteElo "1907"]
[BlackElo "1914"]

1. d4 d5 2. Nc3 Nf6 3. Bf4 a6 4. h3 Nc6 5. Nf3 e6 6. a3 b5 7. e3 h6 8. Be2 Bb7
9. O-O Be7 10. b4 Qd7 11. Be5 O-O-O 12. Rb1 Ne8 13. Bd3 f6 14. Bh2 Rg8 15. Nd2
e5 16. dxe5 fxe5 17. Bg6 Nf6 18. g4 Kb8 19. Nb3 Bd6 20. Nc5 Bxc5 21. bxc5 d4 22.
exd4 Nxd4 23. f3 Nxf3+ 24. Rxf3 Qxd1+ 25. Nxd1 Bxf3 26. Ne3 Nd7 27. c3 Nxc5 28.
Bxe5 Be4 29. Bxe4 Nxe4 30. Rc1 Ng5 31. Kg2 Rd3 32. Bf4 Ne6 0-1

[Event "Challenge"]
[Site "http://www.queenalice.com/game.php?id=1537519"]
[Date "2018.8.4"]
[Round "-"]
[White "rook33"]
[Black "MADMIKE"]
[Result "1-0"]
[WhiteElo "1897"]
[BlackElo "1912"]

1. d4 d5 2. Nf3 h6 3. g3 Nf6 4. Bg2 Bg4 5. O-O e6 6. h3 Bxf3 7. Bxf3 Be7 8. Nd2
Nc6 9. c3 O-O 10. e4 dxe4 11. Nxe4 Nxe4 12. Bxe4 f5 13. Bc2 Qe8 14. Re1 Qf7 15.
Bb3 Rad8 16. Bxe6 Qxe6 17. Rxe6 Bd6 18. Qb3 Na5 19. Qd5 Nc6 20. Rxh6+ Rf7 21.
Rg6 Ne7 22. Rxg7+ Kf8 23. Qxf7# 1-0

[Event "WHO YOU ARE YOU?"]
[Site "http://www.queenalice.com/game.php?id=1540151"]
[Date "2018.8.25"]
[Round "-"]
[White "zubarev"]
[Black "rook33"]
[Result "0-1"]
[WhiteElo "1777"]
[BlackElo "1944"]

1. a3 e5 2. e4 Nf6 3. Nc3 d5 4. Bd3 c6 5. Nf3 Bd6 6. O-O Bg4 7. Be2 dxe4 8. Ne1
Bxe2 9. Qxe2 Nbd7 10. Nxe4 Nxe4 11. d3 Nef6 12. f4 O-O 13. fxe5 Re8 14. d4 Bc7
15. c3 c5 16. Be3 Nd5 17. Qf3 N7f6 18. Qg3 Nxe3 19. Qxe3 Nd5 20. Qf3 Rf8 21. Nd3
b6 22. Nf4 Nxf4 23. Qxf4 cxd4 24. cxd4 f6 25. Qe4 Re8 26. Rad1 Rb8 27. e6 Qd6
28. d5 Qxh2+ 29. Kf2 Qg3+ 30. Ke2 Rbd8 31. Rd3 Qd6 32. Rh1 g6 33. Rdh3 f5 34.
Qh4 Re7 35. Rd1 Qe5+ 36. Kf1 Rg7 37. Rc3 Qd6 38. Re1 Re8 39. Rec1 Ree7 40. Qd4
h6 41. Rc6 Qf4+ 42. Qxf4 Bxf4 43. R1c4 g5 44. Rc8+ Kh7 45. Ra8 Rc7 46. Rxc7 Rxc7
47. Ke2 g4 48. Rd8 Re7 49. Kd3 Kg7 50. Kc4 Bc7 51. Ra8 Bd6 52. Kb5 f4 53. Kc6
Be5 54. Rd8 f3 55. gxf3 gxf3 56. Rd7 Rxd7 57. Kxd7 Bf6 58. d6 f2 59. e7 Bxe7 60.
dxe7 f1=Q 61. e8=Q Qf7+ 62. Qxf7+ Kxf7 63. Kc7 h5 64. Kb7 h4 65. Kxa7 h3 66.
Kxb6 h2 67. a4 h1=Q 68. b4 Qh6+ 69. Kc5 Qa6 70. b5 Qxa4 71. b6 Qd7 72. Kc4 Qc6+
73. Kd4 Qxb6+ 74. Kd3 Kf6 75. Ke4 Qc6+ 76. Ke3 Kf5 77. Kd3 Kf4 78. Kd4 Qd6+ 79.
Kc4 Qc6+ 80. Kd3 Qe4+ 81. Kc3 Ke5 82. Kd2 Kd4 83. Kd1 Kc3 84. Kc1 Qc2# 0-1

[Event "Challenge"]
[Site "http://www.queenalice.com/game.php?id=1547814"]
[Date "2018.10.31"]
[Round "-"]
[White "wolfman"]
[Black "rook33"]
[Result "1-0"]
[WhiteElo "1981"]
[BlackElo "1953"]

1. e4 e5 2. f4 exf4 3. Nf3 Be7 4. Bc4 Nh6 5. d4 g5 6. h3 O-O 7. O-O d6 8. Nc3 c6
9. Qe2 a6 10. a4 a5 11. Rd1 d5 12. exd5 c5 13. Ne5 Bf6 14. Bd3 cxd4 15. Nb5 Bxe5
16. Qxe5 Re8 17. Qc7 Qe7 18. d6 Qe5 19. Bd2 Qf6 20. Re1 Rf8 21. Re7 Nc6 22. Re2
Ne5 23. Qe7 Nd7 24. Qxf6 Nxf6 25. Re5 Nd7 26. Rxg5+ Kh8 27. Bxf4 Nf6 28. Rg3
Nhg8 29. Be5 h6 30. Rf1 Re8 31. Bxd4 1-0

[Event "Challenge"]
[Site "http://www.queenalice.com/game.php?id=1560303"]
[Date "2019.2.9"]
[Round "-"]
[White "rook33"]
[Black "gfalk"]
[Result "0-1"]
[WhiteElo "1953"]
[BlackElo "1978"]

1. d4 f5 2. c4 Nf6 3. Nc3 g6 4. Nf3 Bg7 5. e3 O-O 6. Bd3 d6 7. O-O Qe8 8. Re1 c6
9. Qb3 Kh8 10. a4 Na6 11. a5 e5 12. dxe5 dxe5 13. e4 Nc5 14. Qd1 Nxd3 15. Qxd3
fxe4 16. Nxe4 Nxe4 17. Qxe4 Bf5 18. Qh4 Kg8 19. Ra3 Bf6 20. Qg3 e4 21. Nd2 Qd7
22. b4 Rae8 23. c5 Be5 24. Qb3+ Be6 25. Qc2 Bd4 26. Nxe4 Bd5 27. Rf3 Qg4 28. Rg3
Rxe4 29. Rxe4 Qxe4 30. Qxe4 Bxf2+ 31. Kh1 Bxe4 32. Rg4 Bxc5 0-1

[Event "Challenge"]
[Site "http://www.queenalice.com/game.php?id=1561203"]
[Date "2019.2.16"]
[Round "-"]
[White "rook33"]
[Black "K_I_D"]
[Result "0-1"]
[WhiteElo "1953"]
[BlackElo "2022"]

1. d4 Nf6 2. Nd2 c5 3. e3 e6 4. Ngf3 d5 5. c3 Be7 6. b3 O-O 7. Bd3 Qc7 8. h3
cxd4 9. exd4 Qxc3 10. Rb1 Qxd3 11. Rb2 Ba3 12. Rc2 Bxc1 13. Rxc1 Nc6 0-1

[Event "Let's Play Chess!"]
[Site "http://www.queenalice.com/game.php?id=1562355"]
[Date "2019.2.26"]
[Round "-"]
[White "paolop69"]
[Black "rook33"]
[Result "0-1"]
[WhiteElo "1598"]
[BlackElo "1938"]

1. e4 e5 2. Bc4 d6 3. Qf3 Nf6 4. h3 Be6 5. d3 Bxc4 6. dxc4 Nc6 7. c3 h6 8. Nd2
Qd7 9. Ne2 Be7 10. Nb3 O-O-O 11. Be3 b6 12. Ng3 g6 13. a4 a5 14. Rd1 Qe6 15. Nd2
Rd7 16. Nb3 Qxc4 17. Nd2 Qxa4 18. Nb1 Qb5 19. Rd2 h5 20. Na3 Qb3 21. Qd1 Qxd1+
22. Rxd1 d5 23. Nb5 h4 24. exd5 Nxd5 25. Ne4 f5 26. Nd2 Rhd8 0-1

[Event "Let's Play Chess!"]
[Site "http://www.queenalice.com/game.php?id=1574582"]
[Date "2019.6.16"]
[Round "-"]
[White "rook33"]
[Black "josebaron"]
[Result "0-1"]
[WhiteElo "1940"]
[BlackElo "2089"]

1. e4 e5 2. Nf3 Nc6 3. Bc4 Be7 4. a3 Nf6 5. d3 h6 6. h3 d6 7. c3 a6 8. a4 Be6 9.
Bxe6 fxe6 10. Qe2 O-O 11. O-O Kh8 12. Nbd2 Nh7 13. d4 exd4 14. cxd4 Ng5 15. Nxg5
Bxg5 16. e5 d5 17. Nb3 Bxc1 18. Nxc1 Nxd4 19. Qd3 Nc6 20. Qe3 Nb4 21. Qd2 a5 22.
Ne2 c5 23. Nf4 Qe8 24. b3 b6 25. Ne2 Rf5 26. f4 Ra7 27. g4 Rf8 28. Rf2 Raf7 29.
Ng3 Qe7 30. f5 exf5 31. gxf5 Qxe5 0-1

[Event "Let's Play Chess!"]
[Site "http://www.queenalice.com/game.php?id=1574583"]
[Date "2019.6.16"]
[Round "-"]
[White "josebaron"]
[Black "rook33"]
[Result "1-0"]
[WhiteElo "2090"]
[BlackElo "1930"]

1. e4 e5 2. Bc4 Nf6 3. Nc3 d6 4. h3 Be6 5. Bxe6 fxe6 6. Nf3 Qd7 7. d3 a6 8. a4
Nc6 9. a5 d5 10. exd5 exd5 11. O-O O-O-O 12. Ne2 d4 13. b3 h6 14. Ba3 Bxa3 15.
Rxa3 g5 16. Nh2 h5 17. f3 h4 18. Ng4 Nh5 19. Ra1 Rdf8 20. Qd2 Qg7 21. b4 Qd7 22.
Rab1 b5 23. axb6 cxb6 24. Qxg5 Ng3 25. Nxg3 hxg3 26. Nxe5 Nxe5 27. Qxe5 Rxh3 28.
gxh3 Qxh3 29. Qe2 Rh8 30. Qg2 Qh2+ 31. Qxh2 Rxh2 32. f4 Rxc2 33. Rbc1 1-0

[Event "Let's Play Chess!"]
[Site "http://www.queenalice.com/game.php?id=1594482"]
[Date "2019.12.28"]
[Round "-"]
[White "rook33"]
[Black "askasl159"]
[Result "1-0"]
[WhiteElo "1929"]
[BlackElo "1733"]

1. e4 e5 2. Nf3 Nc6 3. Bb5 Nge7 4. c3 a6 5. Ba4 b5 6. Bb3 h6 7. d4 exd4 8. cxd4
Bb7 9. Nbd2 Ng6 10. Nb1 d6 11. a3 Be7 12. Nc3 O-O 13. Ne2 a5 14. d5 Nce5 15.
Nxe5 Nxe5 16. Bf4 b4 17. a4 Bg5 18. Bxg5 Qxg5 19. Ng3 Qg6 20. O-O c6 21. dxc6
Bxc6 22. Qe2 Bb7 23. Qd2 Rfc8 24. f4 Nd7 25. Rae1 1-0

[Event "Let's Play Chess!"]
[Site "http://www.queenalice.com/game.php?id=1594483"]
[Date "2019.12.28"]
[Round "-"]
[White "askasl159"]
[Black "rook33"]
[Result "0-1"]
[WhiteElo "1742"]
[BlackElo "1920"]

1. e4 d6 2. d4 Nc6 3. Nf3 e6 4. Bd3 Nf6 5. h3 e5 6. d5 Ne7 7. Be3 c6 8. c4 c5 9.
O-O h6 10. Qd2 g6 11. b4 b6 12. bxc5 bxc5 13. Nc3 Bg7 14. a4 a6 15. Rfb1 O-O 16.
Rb3 Nd7 17. Rab1 Qc7 18. Bxh6 Bxh6 19. Qxh6 f6 20. Qd2 Kg7 21. Nh4 Rh8 22. Nf3
Ng8 23. Ne1 Nh6 24. Be2 f5 25. f3 f4 0-1

[Event "Let's Play Chess!"]
[Site "http://www.queenalice.com/game.php?id=1597911"]
[Date "2020.1.31"]
[Round "-"]
[White "igorjava"]
[Black "rook33"]
[Result "1-0"]
[WhiteElo "1869"]
[BlackElo "1937"]

1. e4 Nc6 2. d4 Nf6 3. e5 Nd5 4. c4 Nb6 5. Nf3 e6 6. a3 d5 7. c5 Nd7 8. Be2 a6
9. O-O Be7 10. Be3 b6 11. b4 bxc5 12. bxc5 Na7 13. a4 Nf8 14. Nc3 Ng6 15. h3 h6
16. Qc2 O-O 17. Kh1 Qe8 18. Na2 Nc6 19. Rab1 Rb8 20. Rb2 Rxb2 21. Qxb2 Kh7 22.
Rb1 Qd7 23. Qc2 Qe8 24. Bd3 Rg8 25. h4 h5 26. Nb4 Na5 27. Nxa6 Bxa6 28. Bxa6 f6
29. Bd3 f5 30. Ng5+ Bxg5 31. Bxg5 Rf8 32. Be2 Nh8 33. g4 Nf7 34. gxh5 Nxg5 35.
hxg5 g6 36. h6 Nc6 37. Qd1 Qe7 38. f4 Qf7 39. Qd2 Ne7 40. Rb7 Nc6 41. Bb5 Nd8
42. Ra7 Qe7 43. Qa5 Rf7 44. Kg2 Kh8 45. Qa6 Kg8 46. Qc8 Kh7 47. a5 Kg8 48. a6
Kh7 49. Ra8 Rf8 50. a7 1-0

[Event "Challenge"]
[Site "http://www.queenalice.com/game.php?id=1599989"]
[Date "2020.2.19"]
[Round "-"]
[White "colatina"]
[Black "rook33"]
[Result "0-1"]
[WhiteElo "1813"]
[BlackElo "1897"]

1. e4 e5 2. Nf3 Nc6 3. d4 exd4 4. Nxd4 Nxd4 5. Qxd4 d6 6. Bc4 Be6 7. Be3 Bxc4 8.
Qxc4 Nf6 9. Nc3 a6 10. Nd5 Nxd5 11. Qxd5 c6 12. Qd3 Be7 13. O-O-O O-O 14. Rd2
Qc7 15. Rhd1 Rfd8 16. Bf4 f6 17. Qg3 b5 18. Bxd6 Bxd6 19. Rxd6 Rxd6 20. Rxd6 Rf8
21. e5 f5 22. Rf6 Rxf6 23. exf6 Qxg3 24. hxg3 g5 25. Kd2 Kf7 26. Kd3 Kxf6 27.
Kd4 h5 28. Kc5 Ke5 29. Kxc6 f4 30. gxf4+ Kxf4 31. Kb6 h4 32. Kxa6 g4 33. Kxb5 h3
34. gxh3 gxh3 35. c4 h2 36. b4 h1=Q 37. a3 Qb7+ 38. Ka4 Qa7+ 39. Kb3 Qxf2 40.
Ka4 Qc2+ 41. Kb5 Qd3 42. a4 Ke5 43. a5 Kd6 44. Ka4 Qxc4 45. Ka3 Kc6 0-1

[Event "Challenge"]
[Site "http://www.queenalice.com/game.php?id=1599990"]
[Date "2020.2.19"]
[Round "-"]
[White "rook33"]
[Black "colatina"]
[Result "0-1"]
[WhiteElo "1918"]
[BlackElo "1792"]

1. d4 Nf6 2. c4 d5 3. cxd5 Qxd5 4. Nc3 Qf5 5. Nf3 Nd5 6. Nxd5 Qxd5 7. e3 Bg4 8.
Be2 e6 9. O-O Bd6 10. Qc2 Qh5 11. h3 f5 12. hxg4 fxg4 13. Ne5 Bxe5 14. dxe5 Qxe5
15. Bxg4 Nc6 16. Bd2 O-O-O 17. Bc3 Qg5 18. Bxe6+ Kb8 19. Bc4 h5 20. Be6 Ne5 21.
Bxe5 Qxe5 22. Bh3 g5 23. g3 g4 24. Bg2 h4 25. gxh4 Rxh4 26. Rfc1 g3 27. f3 Qxe3+
28. Kf1 Rc4 29. Re1 Qxe1+ 30. Rxe1 Rxc2 31. Kg1 a6 32. f4 Rdd2 33. Bh3 Rxb2 34.
f5 Rxa2 35. f6 Rf2 36. Rf1 Rxf1+ 37. Bxf1 Rf2 38. f7 Rxf7 0-1

[Event "Let's Play Chess!"]
[Site "http://www.queenalice.com/game.php?id=1601610"]
[Date "2020.3.4"]
[Round "-"]
[White "rook33"]
[Black "Joepac"]
[Result "0-1"]
[WhiteElo "1910"]
[BlackElo "2127"]

1. e4 c5 2. Nf3 Nc6 3. Be2 Nf6 4. d3 d5 5. e5 Nd7 6. Bf4 Qb6 7. Qc1 h6 8. h4 e6
9. h5 Qc7 10. c4 Be7 11. Nbd2 Ndxe5 12. Nxe5 Nxe5 13. cxd5 Nxd3+ 14. Bxd3 Qxf4
15. Bb5+ Kf8 16. Qc4 Qe5+ 17. Qe4 Qxe4+ 18. Nxe4 exd5 19. Nd2 a6 20. Be2 b5 21.
a3 Bf6 22. Ra2 Be6 23. b3 Ke7 24. O-O c4 25. bxc4 bxc4 26. Nb1 d4 27. a4 c3 28.
Ra3 Rhd8 29. Bd3 Bg4 30. f3 Bxh5 31. g4 Bg6 32. Bxg6 fxg6 33. a5 c2 34. Nd2 Rac8
0-1

[Event "Let's Play Chess!"]
[Site "http://www.queenalice.com/game.php?id=1601611"]
[Date "2020.3.4"]
[Round "-"]
[White "Joepac"]
[Black "rook33"]
[Result "1-0"]
[WhiteElo "2132"]
[BlackElo "1903"]

1. d4 Nf6 2. c4 g6 3. Nc3 Bg7 4. e4 d6 5. Nf3 h6 6. Be2 a6 7. h3 c6 8. O-O O-O
9. Be3 Nbd7 10. Qd2 e6 11. Bxh6 Bxh6 12. Qxh6 Nh7 13. e5 d5 14. h4 Kh8 15. Ng5
Qxg5 16. hxg5 Rg8 17. g3 Nf8 18. Nd1 Bd7 19. Ne3 Re8 20. Ng4 Rg7 21. Nf6 Re7 22.
b4 Bc8 23. a4 b6 24. b5 c5 25. Rac1 Bb7 26. cxd5 exd5 27. bxa6 Bc6 28. dxc5 bxc5
29. Rxc5 Re6 30. a7 Bb7 31. Rb1 1-0